| 000 | 02989nam a22004697a 4500 | ||
|---|---|---|---|
| 003 | dpl | ||
| 005 | 20100304111657.0 | ||
| 007 | DVD | ||
| 008 | 080922t xxu||||| |||| 00| 0 eng d | ||
| 010 | _aDVD-005859-5864 & DVD-0-06355-6357 | ||
| 024 |
_aTSDVD-2447 GSM _c49.00 |
||
| 035 | _aDVD-005859-5864 | ||
| 035 | _aDVD-006355-6357 | ||
| 040 |
_aDPL _cDPL |
||
| 082 | _aDVD GODT | ||
| 245 |
_aGod Tusi Great Ho _cAfzal Khan's Presents _h[videoreocrding] DVD/ |
||
| 260 |
_aNew Delhi _bSuper Cassettes Industries Ltd. |
||
| 300 |
_a1 Videodisc DVD ; _bsd., col.; _c4 3/4 in. _fDVD |
||
| 440 | _aT-Series | ||
| 538 | _aDolby Digital 5.1, Language Hindi | ||
| 650 | _aMotion picture | ||
| 700 | _aAfzal Khan | ||
| 700 | _aMehta, Ashok | ||
| 700 | _aDesai, Nitin | ||
| 700 | _aSajid Wasjid | ||
| 700 | _aShabina Afzal Khan | ||
| 700 | _aBachchan, Amitabh | ||
| 700 | _aSalman Khan | ||
| 700 | _aChopra, Priyanka | ||
| 942 |
_2ddc _cCF _hDVD _mGODT |
||
| 999 |
_c34384 _d34384 |
||